Normal view
MARC view
Entry Personal Name
001 - CONTROL NUMBER
- control field: 61508
003 - CONTROL NUMBER IDENTIFIER
- control field: dpl
005 - DATE AND TIME OF LATEST TRANSACTION
- control field: 20240201112047.0
008 - FIXED-LENGTH DATA ELEMENTS
- fixed length control field: 240201|| aca||aabn | a|a d
040 ## - CATALOGING SOURCE
- Original cataloging agency: dpl
- Transcribing agency: dpl
100 ## - HEADING--PERSONAL NAME
- Personal name: Jain. R P
670 ## - SOURCE DATA FOUND
- Source citation: Work cat.: (dpl)200483: Jain. R P, Modern Digital Electronics/, 2019
